Países y capitales - Ahorcado aleatorio múltiple - Estadísticas

Estadísticas generales
  • Esta prueba ha sido intentada 753 veces
  • La puntuación promedio es 13 de 18
Estadísticas de respuestas
# Respuesta % Correcto
2 A
100%
2 A
100%
3 A
100%
4 A
100%
4 A
100%
5 A
100%
6 A
100%
7 A
100%
7 A
100%
8 A
100%
11 A
100%
13 Á
100%
22 A
100%
21 A
100%
23 A
100%
23 A
100%
23 Á
100%
33 A
100%
33 A
100%
34 A
100%
34 A
100%
34 Á
100%
43 A
100%
45 A
100%
45 A
100%
45 A
100%
55 A
100%
54 A
100%
56 A
100%
56 A
100%
67 A
100%
67 A
100%
77 A
100%
77 A
100%
78 A
100%
87 A
100%
99 A
100%
99 Á
100%
25 Á
100%
52 A
100%
52 A
100%
52 Á
100%
36 A
100%
36 A
100%
41 A
100%
47 A
100%
47 A
100%
47 A
100%
74 A
100%
69 A
100%
96 A
100%
93 A
100%
93 A
100%
28 A
100%
28 A
100%
28 A
100%
82 A
100%
17 A
100%
71 A
100%
71 A
100%
18 A
100%
18 A
100%
81 A
100%
81 A
100%
29 A
100%
92 A
100%
48 A
100%
48 A
100%
59 A
100%
59 A
100%
95 A
100%
95 A
100%
51 A
100%
26 A
100%
62 A
100%
62 A
100%
24 A
100%
42 A
100%
35 A
100%
35 A
100%
57 A
100%
75 A
100%
68 A
100%
68 A
100%
1 B
100%
2 E
100%
7 E
100%
12 É
100%
22 E
100%
21 E
100%
55 E
100%
41 E
100%
85 E
100%
81 E
100%
53 E
100%
1 Í
100%
4 I
100%
4 I
100%
12 I
100%
55 I
100%
85 I
100%
26 I
100%
55 L
100%
2 Ñ
100%
12 O
100%
74 O
100%
29 O
100%
29 O
100%
2 P
100%
1 R
100%
55 R
100%
17 R
100%
2 S
100%
5 S
100%
55 S
100%
74 U
100%
7 N
93%
98 A
92%
15 O
92%
15 O
92%
63 A
91%
63 A
91%
6 E
91%
6 I
91%
32 A
90%
32 A
90%
82 E
90%
57 E
90%
56 I
90%
66 I
90%
68 L
90%
68 O
90%
66 R
90%
39 E
89%
42 E
89%
42 I
89%
89 E
88%
3 I
88%
89 I
88%
84 A
86%
25 E
86%
25 E
86%
4 L
86%
98 É
85%
15 I
85%
5 B
83%
1 E
83%
5 I
83%
8 I
83%
90 I
83%
59 I
83%
1 L
83%
5 L
83%
1 N
83%
5 O
83%
33 O
83%
21 R
83%
51 E
82%
41 I
82%
66 E
80%
82 I
80%
36 N
80%
82 N
80%
36 O
80%
68 P
80%
68 S
80%
44 E
78%
44 I
78%
39 I
78%
48 N
78%
44 O
78%
28 R
78%
48 R
78%
92 U
78%
92 U
78%
48 U
78%
15 R
77%
65 E
75%
43 I
75%
65 I
75%
62 I
75%
35 I
75%
65 K
75%
35 L
75%
47 M
75%
47 M
75%
62 M
75%
35 M
75%
23 N
75%
43 N
75%
47 N
75%
13 O
75%
13 O
75%
65 O
75%
65 P
75%
8 R
75%
8 S
75%
65 S
75%
22 I
73%
51 I
73%
45 N
73%
41 N
73%
24 N
73%
45 R
73%
41 R
73%
69 E
71%
96 É
71%
93 E
71%
9 Í
71%
84 I
71%
84 I
71%
25 N
71%
76 O
71%
76 O
71%
76 O
71%
69 O
71%
69 R
71%
7 S
71%
76 S
71%
69 S
71%
53 S
71%
4 T
71%
66 C
70%
32 I
70%
11 Ó
70%
11 O
70%
57 R
70%
57 S
70%
57 U
70%
99 I
69%
98 I
69%
98 I
69%
99 N
69%
15 N
69%
98 P
69%
21 B
67%
87 B
67%
58 B
67%
48 D
67%
54 E
67%
90 E
67%
90 E
67%
21 G
67%
44 G
67%
87 Í
67%
58 I
67%
58 I
67%
8 L
67%
74 M
67%
87 N
67%
39 N
67%
87 O
67%
75 O
67%
44 P
67%
74 P
67%
54 R
67%
39 R
67%
88 S
67%
28 S
67%
44 T
67%
74 T
67%
58 T
67%
42 T
67%
58 U
67%
39 U
67%
17 U
67%
58 Y
67%
21 Z
67%
45 K
64%
63 N
64%
6 R
64%
22 S
64%
7 T
64%
13 B
63%
26 B
63%
26 N
63%
89 T
63%
26 U
63%
98 T
62%
71 D
60%
14 E
60%
71 G
60%
66 H
60%
56 L
60%
36 L
60%
11 M
60%
34 M
60%
56 M
60%
29 M
60%
57 M
60%
32 N
60%
34 N
60%
14 N
60%
14 N
60%
71 N
60%
14 O
60%
66 P
60%
71 U
60%
8 B
58%
76 K
57%
9 L
57%
84 L
57%
53 L
57%
93 N
57%
53 O
57%
53 O
57%
25 R
57%
53 T
57%
69 U
57%
96 U
57%
92 L
56%
28 M
56%
52 N
56%
41 B
55%
6 C
55%
22 C
55%
6 G
55%
51 M
55%
51 N
55%
22 U
55%
63 U
55%
15 M
54%
24 L
53%
89 B
50%
90 B
50%
62 B
50%
11 C
50%
12 C
50%
23 C
50%
23 D
50%
13 G
50%
36 G
50%
26 G
50%
62 G
50%
54 I
50%
78 I
50%
88 I
50%
88 I
50%
43 L
50%
43 L
50%
90 L
50%
12 M
50%
17 M
50%
11 N
50%
56 N
50%
34 P
50%
3 R
50%
89 R
50%
54 S
50%
43 T
50%
88 T
50%
17 T
50%
78 U
50%
89 U
50%
35 U
50%
12 X
50%
24 U
47%
99 T
46%
39 B
44%
87 L
44%
52 S
44%
92 T
44%
92 V
44%
96 D
43%
81 H
43%
95 L
43%
9 N
43%
96 N
43%
81 R
43%
81 R
43%
95 S
43%
76 V
43%
29 D
40%
29 D
40%
14 M
40%
32 R
40%
32 T
40%
13 T
38%
99 W
38%
63 D
36%
63 L
36%
51 Y
36%
54 B
33%
24 B
33%
90 C
33%
42 G
33%
42 G
33%
88 L
33%
77 N
33%
85 S
33%
75 U
33%
67 B
30%
82 G
30%
82 U
30%
9 B
29%
9 D
29%
9 U
29%
95 U
29%
25 V
29%
96 Y
29%
18 B
25%
3 D
25%
3 D
25%
3 M
25%
18 M
25%
18 O
25%
78 T
25%
52 T
22%
14 P
20%
85 B
17%
59 B
17%
88 F
17%
17 J
17%
85 K
17%
85 K
17%
59 M
17%
75 M
17%
75 R
17%
33 T
17%
33 T
17%
33 W
17%
84 G
14%
95 K
14%
93 M
14%
18 K
13%
67 D
10%
67 D
10%
67 G
10%
24 J
7%
77 G
0%
75 J
0%
78 K
0%
84 K
0%
77 U
0%
78 W
0%
77 Y
0%
93 Y
0%
59 Z
0%
No se encontraron pruebas coincidentes
Distribución de puntuación
Porcentaje de gente con cada puntuación
Porcentaje por número respondido
Historial de tus puntuaciones
No has intentado esta prueba.